| 000 | 00559nam a2200121Ia 4500 | ||
|---|---|---|---|
| 008 | 170221s9999 xx 000 0 und d | ||
| 100 | _aKiker, D. Scott. | ||
| 245 | _aConstructive challenge: employee voice, helpfulness and task performance on organizational rewards | ||
| 245 | _cD. Scott Kiker, Auburn University, Montgomery; Mary B. Kiker, Auburn University, Montgomery; Michael Perry, Auburn University, Montgomery. | ||
| 260 | _bJournal of Management and Marketing Research | ||
| 650 | _xBusiness | ||
| 856 | _uhttp://www.aabri.com/manuscripts/121333.pdf | ||
| 999 |
_c307498 _d307498 |
||